| 000 | 00485nam a2200193Ia 4500 | ||
|---|---|---|---|
| 005 | 20250423101107.0 | ||
| 008 | 250422s9999 xx 000 0 und d | ||
| 020 | _a0-83841992-5 | ||
| 050 | _aPE 1128.A2 T44/ | ||
| 100 | _a Celce - Murcia, Marianne | ||
| 245 | 0 | _aTeaching English as a Second or Foreign Language | |
| 250 | _a3rd ed. | ||
| 260 | _aNew York | ||
| 260 | _bThomson Learning | ||
| 260 | _c2001 | ||
| 300 | _a584 p | ||
| 650 | _aTeaching Techniques | ||
| 942 | _cBK | ||
| 999 |
_c35267 _d35267 |
||